Central Library OPAC University of Rajshahi

The psychology of adjustment : (Record no. 28994)

MARC details
000 -LEADER
fixed length control field 01075cam a22003252 4500
001 - CONTROL NUMBER
control field 28994
003 - CONTROL NUMBER IDENTIFIER
rucl marc code BD-RjUL
005 - DATE AND TIME OF LATEST TRANSACTION
control field 20211209051346.0
008 - FIXED-LENGTH DATA ELEMENTS--GENERAL INFORMATION
fixed length control field 140401s1956 maua 001 0 eng
035 ## - SYSTEM CONTROL NUMBER
System control number (BD-RjUL)29079
040 ## - CATALOGING SOURCE
Original cataloging agency DLC
Transcribing agency DLC
Modifying agency VET
-- UKM
-- EQO
-- BD-RjUL
Language of cataloging eng
041 ## - LANGUAGE CODE
Language code of text/sound track or separate title eng
082 ## - DEWEY DECIMAL CLASSIFICATION NUMBER
Classification number 150
Author mark and year SHP 1956
100 1# - MAIN ENTRY--PERSONAL NAME
Personal name Shaffer, Laurance Frederic,
Dates associated with a name 1903-
9 (RLIN) 88525
245 14 - TITLE STATEMENT
Title The psychology of adjustment :
Remainder of title a dynamic and experimental approach to personality and mental hygiene /
Statement of responsibility, etc. [by] Laurance Frederic Shaffer [and] Edward Joseph Shoben. Jr.
250 ## - EDITION STATEMENT
Edition statement 2d ed.
260 ## - PUBLICATION, DISTRIBUTION, ETC. (IMPRINT)
Place of publication, distribution, etc. Boston :
Name of publisher, distributor, etc. Houghton Mifflin,
Date of publication, distribution, etc. 1956.
300 ## - PHYSICAL DESCRIPTION
Pagination 672 p. :
Illustrations ill. ;
Size 23 cm.
504 ## - BIBLIOGRAPHY, ETC. NOTE
Bibliography, etc Includes index.
650 #0 - SUBJECT ADDED ENTRY--TOPICAL TERM
Topical term or geographic name as entry element Adjustment (Psychology)
9 (RLIN) 3962
Topical term or geographic name as entry element Personality.
9 (RLIN) 88575
Topical term or geographic name as entry element Mental health.
9 (RLIN) 88576
Topical term or geographic name as entry element Adaptation, Psychological.
9 (RLIN) 3965
Topical term or geographic name as entry element Mental Health.
9 (RLIN) 88577
Topical term or geographic name as entry element Personality.
9 (RLIN) 88578
700 1# - ADDED ENTRY--PERSONAL NAME
Personal name Shoben, Edward Joseph.
942 ## - ADDED ENTRY ELEMENTS (KOHA)
Source of classification or shelving scheme Dewey Decimal Classification
Koha item type Books
Holdings
Lost status Source of classification or shelving scheme Damaged status Not for loan Collection code Permanent Location Current Location Shelving location Date acquired Source of acquisition Cost, normal purchase price Total Checkouts Full call number Date last seen Copy number Koha item type
  Dewey Decimal Classification     Non-fiction Central Library, University of Rajshahi Central Library, University of Rajshahi   10/01/1974 USA Gift. 0.00   150 SHP 1956 01/04/2014 C-9 Books
  Dewey Decimal Classification     Non-fiction Central Library, University of Rajshahi Central Library, University of Rajshahi   10/01/1974 USA Gift. 0.00   150 SHP 1956 01/04/2014 C-10 Books
  Dewey Decimal Classification     Non-fiction Central Library, University of Rajshahi Central Library, University of Rajshahi   10/01/1974 USA Gift. 0.00   150 SHP 1956 01/04/2014 C-8 Books